| 000 | 01335nam a2200265 i 4500 | ||
|---|---|---|---|
| 003 | DO-SdBNP | ||
| 005 | 20251114093647.0 | ||
| 007 | ta | ||
| 008 | 110413s2023 dr ac 000 j spa d | ||
| 040 |
_aDO-SdBNP _bspa _cBNPHU _erda |
||
| 041 | _aspa | ||
| 082 | 4 |
_axxx _bxxx _222 |
|
| 245 | 0 | 0 | _aPremio de arte Juan José Bellapart |
| 264 | 1 |
_aSanto Domingo, República Dominicana : _bMuseo Bellapart, _c2023. |
|
| 300 |
_a78 páginas : _bretratos, fotografías ; _c31 cm. |
||
| 336 |
_atexto _btxt _2rdacontent |
||
| 337 |
_asin mediación _bn _2rdamedia |
||
| 338 |
_avolumen _bnc _2rdacarrier |
||
| 505 |
_aPresentación / _rMaribel Bellapart Alvarez -- _tIntroducción / _rMyrna Guerrero Villalona / _tJuan Jose Billapart Faura -- _rBiografía, 8-- _tLa plástica dominicana y los eventos de artes visuales en el siglo XXI / _r Fermín Ceballos -- _tArte Contemporáneo en el Museo Bellapart -- _rLaura Gil Fiallo-- _tApuntes sobre el contexto del arte actual entre lo digital y lo bi-tri-dimensional / _rPaula Gómez Jorge-- _tPremios -- _tMenciones -- _tObras seleccionadas a concursar. |
||
| 590 | _aInventariado, 2024/ YL | ||
| 650 | 4 |
_aArte contemporáneo _xPublicidad _zRepública Dominicana _984934 |
|
| 650 | 4 |
_aArte contemporáneo _xHistoria y crítica _zRepública Dominicana _984935 |
|
| 910 | _aYLockward | ||
| 942 |
_2ddc _cLBS1 |
||
| 999 |
_c55982 _d55982 |
||